Les descendants de Pépin le Bref - Statistiques

Statistiques générales
  • Ce quiz a été pris 41 fois
  • Le résultat moyen est 3 sur 15
Answers on the Grid
Answers color-coded by a green-red scale on the quiz's grid according to % correct below.
Charlemange
Charlemagne
Louis le Pieux
Louis le vertueux
Augustin le gros
Pépin d'Angoulême
Carloman 1er
Lothaire 1er
Luca d'Arcachon
Nithard
Rotrude
Clovis
Charles 9
Pépin le bossu
Louis le Germanique
Pépin d'Anjou
Pépin 1er d'Aquitaine
Mahaut de Castille
Aliénor de Herzfeld
Théodrade
Ida de Herzfeld
Enguerrand le gros
Drogon de Metz
Béranger le pieux
Chrotais
Hardouin de Ponthieu
Cartrol d'Alagieu
Arnulf de sens
Rodolf 1er
Cartrade II de Normandie
 
Statistiques - réponses
Réponse % Correct
Charlemagne
67%
Carloman 1er
44%
Lothaire 1er
44%
Louis le Germanique
44%
Louis le Pieux
44%
Chrotais
11%
Drogon de Metz
11%
Ida de Herzfeld
11%
Pépin 1er d'Aquitaine
11%
Pépin le bossu
11%
Arnulf de sens
0%
Hardouin de Ponthieu
0%
Nithard
0%
Rotrude
0%
Théodrade
0%
Aucun quiz correspondant
Distribution des résultats
% des personnes avec chaque résultat
Percentile par nombre de réponses
Votre historique - résultats
Vous n’avez pas pris ce quiz